00441nam a22001457a 4500020001800000040000900018082001500027100002500042245002900067260003100096650003700127942001200164999001900176952010000195 a9781465443434 cNUST a520.3bBIN aNandi, Ishani982272 aFirst Space Encyclopedia aUSA:bSarah Larter,c2016. aFirst Space Encyclopedia9123018 2ddccBK c609355d609355 00102ddc4070aCEMEbCEMEd2024-05-29l0o520.3 BINpCEME- 50500r2024-05-29w2024-05-29yBK